Los mejores de América: historias inéditas de los grandes jugadores del Mundial

সংরক্ষণ করুন:
গ্রন্থ-পঞ্জীর বিবরন
প্রধান লেখক: Fuentes, Bárbara (autora)
বিন্যাস: গ্রন্থ
ভাষা:স্প্যানিশ
প্রকাশিত: Santiago Uqbar 2014
সংস্করন:1a. ed
মালা:Periodismo de Colección
বিষয়গুলি:
ট্যাগগুলো: ট্যাগ যুক্ত করুন
কোনো ট্যাগ নেই, প্রথমজন হিসাবে ট্যাগ করুন!

MARC

LEADER 00000cam a2200000 a 4500
001 UCD6235
003 CL-VaPUC
008 161124e20140000cl |||||||||||||||||spa|d
020 |a 9789569171314 
082 0 4 |a 796.334  |b FUE  |2 21 
100 |a Fuentes, Bárbara  |e autora   |9 589975 
245 1 4 |a Los mejores de América: historias inéditas de los grandes jugadores del Mundial 
250 |a 1a. ed 
300 |a 208 p 
942 |c BK 
945 |d 20161124 22:47:00  |a dcastane 
260 |a Santiago  |b Uqbar  |c 2014 
650 7 |a FUTBOL PROFESIONAL  |2 CL-VaPUC  |9 541392 
650 7 |a JUGADORES DE FUTBOL PROFESIONAL  |2 CL-VaPUC  |9 541393 
583 |a last modification  |c 20161124 22:47:00  |k Rodrigo Vera 
490 0 |a Periodismo de Colección 
999 |c 366595  |d 366593